Sports Quiz

Random Sports or Soccer Quiz

Best Soccer Players Quiz Stats

Quiz not verified by Sporcle

Challenge
Share
Tweet
Embed
Score 0/20 Timer 10:00
0 Plays Today
Hint Answer % Correct
Argentina, FCBLionel Messi
99%
Portugal, MADCristiano Ronaldo
90.7%
Spain, FCBXavi
54.6%
Netherlands, MCURobin Van Persie
50.5%
Spain, FCBIniesta
46.4%
Columbia, FCMFalcao
42.3%
Wales, RMDGareth Bale
33%
England, MCUWayne Rooney
30.9%
Netherlands, BAYArjen Robben
28.9%
Spain, CHEJuan Mata
27.8%
Hint Answer % Correct
Spain, MCYDavid Silva
25.8%
Uruguay, PSGEdinson Cavani
24.7%
Brazil, PSGThiago Silva
22.7%
Germany, BAYBastian Schweinsteiger
19.6%
France, BAYFranck Ribéry
16.5%
Germany, BAYPhilipp Lahm
13.4%
Germany, ARSMesut Özil
6.2%
Sweden, PSGZlatan Ibrahimović
5.2%
Serbia, MCUNemanja Vidić
5.2%
Argentina, MCYSergio Kün Aguero
2.1%

You're not logged in!

Compare scores with friends on all Sporcle quizzes.
Sign Up with Email
OR
Log In

You Might Also Like...

Show Comments

Extras

Top Quizzes Today


Score Distribution

Your Account Isn't Verified!

In order to create a playlist on Sporcle, you need to verify the email address you used during registration. Go to your Sporcle Settings to finish the process.